| 000 | 02397nam1a2200373 i 4500 | ||
|---|---|---|---|
| 001 | RU\NLR\BIBL_A\016277368 | ||
| 005 | 20241102113747.0 | ||
| 010 |
_a9785206010855 _9500 |
||
| 035 | _a(NLR Aleph) 016277368 | ||
| 090 |
_a12905544 _c12905544 |
||
| 100 | _a20230206d2022 k y0rusy50 ca | ||
| 101 | 0 | _arus | |
| 102 | _aRU | ||
| 105 | _a||||z|||||||| | ||
| 181 | 0 |
_ai _baxxe |
|
| 182 | 0 | _an | |
| 200 | 1 |
_aПолитравма - взаимоотягощающий синдром боли, острой кровопотери и инфекции _eруководство _eв трёх томах _f[И. А. Шарипов] _gпод редакцией И. А. Шарипова _g[НИИ скорой помощи им. Н. В. Склифосовского] |
|
| 203 |
_aТекст _bвизуальный _cнепосредственный |
||
| 210 |
_aМосква _cИзвестия _d2022 |
||
| 215 | _d20 | ||
| 300 | _aНа корешке футляра: Политравма: в трёх томах. Вложение: флешка с видео / И. А. Шарипов | ||
| 300 | _aАвт. указан на обл., в вып. дан., на корешке каждого тома и на общем футляре | ||
| 300 | _aНа обороте тит. с. соавт.: Т. А. Васина - профессор, хирург, микробиолог-фармаколог, В. А. Соколов - профессор, травматолог-ортопед, Е. С. Владимирова - док. мед. наук, торакоабдоминальный хирург [и др.] | ||
| 309 | _a3 тома вложены в один общий футляр. Флешка отсутствует | ||
| 517 | 1 |
_aПолитравма _eв трёх томах _eвложение: флешка с видео |
|
| 606 |
_aТравмы комбинированные _jРуководства, пособия и т.п _91441467 _3RU\NLR\AUTH\66299504 |
||
| 686 | 1 | _aР458.14я7 | |
| 700 | 1 |
_aШарипов _bИ. А. _gИгорь Андреевич |
|
| 852 |
_aNLR _j2023-3/2434 |
||
| 942 | _cBOOK | ||